000
00323nam a22001457a 4500
003
SGT
020
_a
978-84788-381-0
082
_a
300.72
_b
GAI
100
_a
GAIMSTER, JULIA
245
_a
VISUAL RESEARCH METHODS IN FASHION
260
_a
U.K.
_b
BLOOMSHURY
_c
2011
300
_a
292
650
_a
FASHION
942
_2
ddc
_c
BK
999
_c
26323
_d
26323